00653nam a22002057a 450000500170000001000150001702000120003203500140004403700130005808200080007110000170007924500710009626000260016727000520019330000260024570000140027194200220028599900190030795201210032620171101154008.0 aENG-120966 c1495.00 aEN-104498 bDBAD/PUB a881 aBakshi, Minu aMauj-e-saraab:cby Minu Bakshi; translated by Nyla Daudbghazals / aNew DelhibRupac2017 a7/16, Anasri Road, DaryaganjbNew Delhie110002 a228p.c22cm(pbk)bill aNyla Daud 2ddccENh881mBAK c146458d146458 001040718FICaDBADbBNd2017-10-11eDBAD/PUBg1495.00l0o881 BAKpEN-104498r2017-10-11 00:00:00t1v1495.00yEN